L'Allemagne et la France doivent se placer dans une perspective a long terme.

L'edition web du Bulletin du FMI est mise a jour plusieurs fois par semaine et contient de nombreux articles sur des questions de politique generale et de politique economique d'actualite. Accedez aux dernieres recherches du FMI, lisez des interviews et ecoutez des podcasts proposes par le...

Descrizione completa

Dettagli Bibliografici
Ente Autore: International Monetary Fund. External Relations Dept
Natura: Periodico
Lingua:English
Pubblicazione: Washington, D.C. : International Monetary Fund, 2004.
Accesso online:Full text available on IMF
LEADER 01475cas a2200217 a 4500
001 AALejournalIMF010282
008 230101c9999 xx r poo 0 0eng d
020 |c 5.00 USD 
020 |z 9781451977097 
040 |a BD-DhAAL  |c BD-DhAAL 
110 2 |a International Monetary Fund.  |b External Relations Dept. 
240 1 0 |a L'Allemagne et la France doivent se placer dans une perspective a long terme.  |l French 
245 1 0 |a L'Allemagne et la France doivent se placer dans une perspective a long terme. 
264 1 |a Washington, D.C. :  |b International Monetary Fund,  |c 2004. 
300 |a 1 online resource (16 pages) 
500 |a <strong>Off-Campus Access:</strong> No User ID or Password Required 
500 |a <strong>On-Campus Access:</strong> No User ID or Password Required 
506 |a Electronic access restricted to authorized BRAC University faculty, staff and students 
520 3 |a L'edition web du Bulletin du FMI est mise a jour plusieurs fois par semaine et contient de nombreux articles sur des questions de politique generale et de politique economique d'actualite. Accedez aux dernieres recherches du FMI, lisez des interviews et ecoutez des podcasts proposes par les principaux economistes du FMI sur des questions importantes de l'economie mondiale. www.imf.org/external/pubs/ft/survey/so/home.aspx. 
538 |a Mode of access: Internet 
856 4 0 |z Full text available on IMF  |u http://elibrary.imf.org/view/journals/023/0033/022/023.0033.issue-022-fr.xml  |z IMF e-Library